[Event "67th Moscow Blitz 2013"]
[Site "Moscow RUS"]
[Date "2013.09.01"]
[Round "6"]
[White "Reshetnikov, Alexey"]
[Black "Mozharov, Mikhail"]
[Result "1-0"]
[WhiteTitle "IM"]
[BlackTitle "IM"]
[WhiteElo "2497"]
[BlackElo "2508"]
[WhiteFideId "4162080"]
[BlackFideId "4189825"]
[EventDate "2013.09.01"]

1. c4 e6 2. Nc3 b6 3. d4 Bb7 4. e4 Bb4 5. Bd3 Nf6 6. Qe2 d6 7. Nf3 c5 8. Bd2 Nc6
9. d5 Nd4 10. Nxd4 cxd4 11. Nb5 Bxd2+ 12. Qxd2 e5 13. Qb4 Ke7 14. O-O a6 15. Na3
g5 16. Qd2 h6 17. Nc2 Nd7 18. b4 Kf8 19. Rab1 Kg7 20. Be2 Qc7 21. Rfc1 Rhe8 22.
Ne1 Nf6 23. Qd3 a5 24. a3 axb4 25. axb4 Ra4 26. Qc2 Rea8 27. Rb2 Bc8 28. f3 Bd7
29. Nd3 Ra3 30. Qd2 Ra1 31. Rc2 Rxc1+ 32. Rxc1 Ra3 33. h4 gxh4 34. Qe1 Ra2 35.
c5 bxc5 36. bxc5 dxc5 37. Nxc5 Qd6 38. Bc4 Ra7 39. Nd3 h3 40. Qg3+ Kh7 41. Qxe5
Qxe5 42. Nxe5 hxg2 43. Kxg2 Rc7 44. Nd3 Nh5 45. Kf2 Ra7 46. e5 Bf5 47. d6 Kg7
48. Bb5 Ra8 49. Rc7 Rd8 50. Bc4 Bg6 51. Nc5 Kf8 52. e6 Rxd6 53. e7+ 1-0

[Event "67th Moscow Blitz 2013"]
[Site "Moscow RUS"]
[Date "2013.09.01"]
[Round "6"]
[White "Kovalenko, Igor"]
[Black "Ulko, Jaroslav"]
[Result "1-0"]
[WhiteTitle "GM"]
[BlackTitle "IM"]
[WhiteElo "2644"]
[BlackElo "2443"]
[WhiteFideId "14117908"]
[BlackFideId "4116658"]
[EventDate "2013.09.01"]

1. c4 c5 2. Nf3 Nc6 3. Nc3 g6 4. e3 Bg7 5. d4 cxd4 6. exd4 d6 7. d5 Nb8 8. Be2
Nf6 9. O-O O-O 10. Re1 Nbd7 11. Bf1 a6 12. a4 Nc5 13. h3 Bd7 14. Ra3 b6 15. Bg5
h6 16. Be3 Rc8 17. b4 Nb7 18. Qd2 Kh7 19. Rb3 e5 20. dxe6 Bxe6 21. Nd5 Nd7 22.
Nd4 a5 23. Nxe6 fxe6 24. Nf4 Qf6 25. Bd3 Ne5 26. Be4 Nxc4 27. Qe2 d5 28. Bxg6+
Kg8 29. Bb1 Nbd6 30. bxa5 bxa5 31. Nh5 Qe5 32. Nxg7 Qxg7 33. Bc1 Kh8 34. Rg3 Qf6
35. Rf3 Qg7 36. Rxf8+ Rxf8 37. Qxe6 Rf6 38. Qxd5 1-0

[Event "67th Moscow Blitz 2013"]
[Site "Moscow RUS"]
[Date "2013.09.01"]
[Round "7"]
[White "Ulko, Jaroslav"]
[Black "Savchenko, Boris"]
[Result "0-1"]
[WhiteTitle "IM"]
[BlackTitle "GM"]
[WhiteElo "2443"]
[BlackElo "2602"]
[WhiteFideId "4116658"]
[BlackFideId "4147332"]
[EventDate "2013.09.01"]

1. d4 Nf6 2. Nf3 e6 3. c4 c5 4. g3 cxd4 5. Nxd4 a6 6. Bg2 Qc7 7. b3 Bb4+ 8. Bd2
Bc5 9. Bc3 d5 10. O-O dxc4 11. bxc4 O-O 12. Nb3 Ba7 13. Bxf6 gxf6 14. N1d2 Nd7
15. Rc1 f5 16. c5 Rd8 17. e3 Ne5 18. Qh5 Qe7 19. Nf3 Ng6 20. Ng5 f6 21. Nf3 Bd7
22. Nfd4 Be8 23. c6 Ne5 24. Qe2 bxc6 25. Nxc6 Bxc6 26. Bxc6 Rab8 27. Bg2 Rd6 28.
Rfd1 Rbd8 29. Rxd6 Qxd6 30. h3 Kg7 31. Qc2 Bb6 32. Qe2 Qd3 33. Qe1 Qd6 34. Qe2
a5 35. Qb5 Rb8 36. Qa4 Qd3 37. Nd4 Kf7 38. Nc6 Bxe3 39. Rd1 Rb1 40. Nxe5+ fxe5
41. Bf3 Qd2 42. fxe3 Qxe3+ 0-1

[Event "67th Moscow Blitz 2013"]
[Site "Moscow RUS"]
[Date "2013.09.01"]
[Round "7"]
[White "Korotylev, Alexey"]
[Black "Belous, Vladimir"]
[Result "1-0"]
[WhiteTitle "GM"]
[BlackTitle "GM"]
[WhiteElo "2573"]
[BlackElo "2554"]
[WhiteFideId "4119142"]
[BlackFideId "4174003"]
[EventDate "2013.09.01"]

1. d4 Nf6 2. c4 g6 3. Nc3 Bg7 4. e4 O-O 5. Be2 d6 6. Bg5 c6 7. Nf3 a6 8. O-O b5
9. e5 Ne8 10. Re1 h6 11. Bh4 Ra7 12. h3 dxe5 13. dxe5 Rd7 14. Qb3 Qa5 15. e6
fxe6 16. cxb5 axb5 17. Qxe6+ Kh7 18. Bxe7 Nc7 19. Qe4 Re8 20. Bd3 Rdxe7 21.
Qxg6+ Kg8 22. Ne4 Rf8 23. Nd6 Rxe1+ 24. Rxe1 Rxf3 25. Re7 Ne6 26. Qh7+ 1-0

[Event "67th Moscow Blitz 2013"]
[Site "Moscow RUS"]
[Date "2013.09.01"]
[Round "7"]
[White "Gunina, Valentina"]
[Black "Karjakin, Sergey"]
[Result "0-1"]
[WhiteTitle "GM"]
[BlackTitle "GM"]
[WhiteElo "2506"]
[BlackElo "2772"]
[WhiteFideId "4167570"]
[BlackFideId "14109603"]
[EventDate "2013.09.01"]

1. d4 Nf6 2. c4 g6 3. Nf3 Bg7 4. g3 c6 5. Bg2 d5 6. O-O dxc4 7. Na3 b5 8. Ne5
Nd5 9. e4 Nb6 10. Bf4 O-O 11. b3 cxb3 12. Qxb3 Bb7 13. Rfd1 N8d7 14. Rac1 Rc8
15. Bh3 e6 16. Qb4 Re8 17. Nd3 Bf8 18. Nc5 Na4 19. Qe1 Ba8 20. Qe3 Ndxc5 21.
dxc5 Qa5 22. Bd6 Bg7 23. e5 Bb7 24. Bg2 Ba6 25. Qb3 Red8 26. h4 b4 27. Nc4 Bxc4
28. Rxc4 Nc3 29. Rd2 Bxe5 30. Rxb4 Bxd6 31. Qxc3 Bxc5 32. Rxd8+ Rxd8 33. Rc4
Rd1+ 34. Bf1 Qxc3 35. Rxc3 Bb6 36. Rc2 Bd4 37. Kg2 c5 38. Bc4 Kg7 39. Kf3 e5 40.
Ke2 Rh1 41. Kf3 f5 42. Kg2 Rb1 43. Bb3 e4 44. Rd2 Kf6 45. Rc2 Ke5 46. Rd2 h6 47.
Rc2 g5 48. Re2 Rc1 49. hxg5 hxg5 50. Bc2 g4 51. Ba4 c4 52. Rd2 c3 53. Re2 Rb1
54. Bc2 0-1

[Event "67th Moscow Blitz 2013"]
[Site "Moscow RUS"]
[Date "2013.09.01"]
[Round "7"]
[White "Najer, Evgeniy"]
[Black "Glek, Igor"]
[Result "0-1"]
[WhiteTitle "GM"]
[BlackTitle "GM"]
[WhiteElo "2626"]
[BlackElo "2460"]
[WhiteFideId "4118987"]
[BlackFideId "4100484"]
[EventDate "2013.09.01"]

1. e4 e6 2. d4 d5 3. Nc3 Bb4 4. e5 b6 5. Qg4 Bf8 6. Qd1 c5 7. f4 Ba6 8. Bxa6
Nxa6 9. Nf3 Nh6 10. Ne2 cxd4 11. Nexd4 Nc5 12. Qe2 Qd7 13. O-O Ne4 14. Rd1 Bc5
15. c3 Nf5 16. Be3 Nxe3 17. Qxe3 O-O 18. Ng5 Nxg5 19. fxg5 Rac8 20. h4 Bxd4 21.
Rxd4 Rc4 22. Rad1 Rfc8 23. h5 Qa4 24. Qf3 Rxd4 25. Rxd4 Qxa2 26. Rf4 Qxb2 27. g6
hxg6 28. hxg6 Qb1+ 29. Kh2 Qxg6 30. Rg4 Qh5+ 31. Kg1 Qxe5 32. Rg3 a5 33. Qg4
Rxc3 34. Rxc3 Qxc3 35. Qf4 e5 36. Qf5 Qc7 37. Qd3 Qd8 38. Qb5 e4 39. Kf2 d4 40.
Ke2 g6 41. Kd1 e3 42. Qd3 Qd5 43. g4 Qf3+ 44. Kc1 Qxg4 45. Kb2 Qd7 46. Ka3 Qd6+
47. Ka2 Qb4 48. Qe4 Qd2+ 49. Kb3 Qc3+ 50. Ka2 Qc4+ 51. Kb2 Qe6 52. Qxd4 e2 53.
Kc2 e1=R 0-1

[Event "67th Moscow Blitz 2013"]
[Site "Moscow RUS"]
[Date "2013.09.01"]
[Round "7"]
[White "Demidov, Mikhail"]
[Black "Riazantsev, Alexander"]
[Result "1/2-1/2"]
[WhiteTitle "IM"]
[BlackTitle "GM"]
[WhiteElo "2503"]
[BlackElo "2700"]
[WhiteFideId "4197143"]
[BlackFideId "4125029"]
[EventDate "2013.09.01"]

1. Nf3 Nf6 2. c4 e6 3. d4 b6 4. g3 Bb4+ 5. Nbd2 Bb7 6. Bg2 c5 7. dxc5 Bxc5 8.
O-O O-O 9. b3 Be7 10. Bb2 a6 11. Qc2 d6 12. Rad1 Nbd7 13. Rfe1 Qc7 14. e4 b5 15.
e5 dxe5 16. Nxe5 Bxg2 17. Kxg2 Nxe5 18. Bxe5 Qb7+ 19. Kg1 Rac8 20. Qb2 Rfd8 21.
cxb5 axb5 22. Nf1 b4 23. Ne3 Ne8 24. Rxd8 Rxd8 25. Qc2 Rc8 26. Qe2 Bf8 27. Nc4
Rd8 28. Rd1 Rd5 29. Bb2 Qa6 30. Rxd5 exd5 31. Qxe8 dxc4 32. bxc4 Qxa2 33. Qe2 h6
34. h4 Qb1+ 35. Kg2 Qf5 36. Bd4 Qd7 37. Qe4 b3 38. Bb2 Qd2 39. Qe5 Qc2 40. Qd4
Qf5 41. Qe3 Qc2 42. Qd4 h5 43. Kg1 Qf5 44. Kg2 Qe6 45. Kg1 Qc6 46. Qd3 Qb6 47.
Qc3 f6 48. Qd3 Qb7 49. Qe3 Kh8 50. Qe2 Qf7 51. Qd3 Qb7 52. Qe2 Kg8 53. Qe6+ Kh8
54. Qe8 Qb4 55. Qxh5+ Kg8 56. Qd5+ Kh8 57. Qh5+ Kg8 1/2-1/2

[Event "67th Moscow Blitz 2013"]
[Site "Moscow RUS"]
[Date "2013.09.01"]
[Round "8"]
[White "Karjakin, Sergey"]
[Black "Najer, Evgeniy"]
[Result "1-0"]
[WhiteTitle "GM"]
[BlackTitle "GM"]
[WhiteElo "2772"]
[BlackElo "2626"]
[WhiteFideId "14109603"]
[BlackFideId "4118987"]
[EventDate "2013.09.01"]

1. e4 e5 2. Nf3 Nc6 3. Bb5 a6 4. Ba4 Nf6 5. O-O Be7 6. d3 d6 7. c3 O-O 8. Re1 b5
9. Bc2 d5 10. Nbd2 d4 11. a4 Rb8 12. axb5 axb5 13. h3 Nd7 14. Nb3 dxc3 15. bxc3
b4 16. c4 Nc5 17. Be3 Ne6 18. Qc1 Bb7 19. c5 Bf6 20. Qb2 Qe7 21. Rec1 Rfd8 22.
Na5 Nxa5 23. Rxa5 b3 24. Bxb3 Rxd3 25. Bxe6 Qxe6 26. Rb5 Qc6 27. Rb1 Qxe4 28.
Kh2 h5 29. Rxb7 Rxb7 30. Qxb7 Qxb7 31. Rxb7 e4 32. Ng5 Be5+ 33. g3 1-0

[Event "67th Moscow Blitz 2013"]
[Site "Moscow RUS"]
[Date "2013.09.01"]
[Round "8"]
[White "Reshetnikov, Alexey"]
[Black "Korotylev, Alexey"]
[Result "0-1"]
[WhiteTitle "IM"]
[BlackTitle "GM"]
[WhiteElo "2497"]
[BlackElo "2573"]
[WhiteFideId "4162080"]
[BlackFideId "4119142"]
[EventDate "2013.09.01"]

1. c4 e5 2. Nc3 Nf6 3. g3 Bb4 4. Bg2 O-O 5. Nd5 Bc5 6. e3 Nc6 7. Ne2 d6 8. O-O
a6 9. b3 Ba7 10. Bb2 Rb8 11. d4 Re8 12. dxe5 dxe5 13. Qc2 Be6 14. Rad1 Nd7 15.
a3 Qc8 16. b4 f6 17. c5 Nf8 18. Nec3 Nd8 19. Ne4 Nd7 20. Rfe1 Nf7 21. f4 c6 22.
Ndc3 Bg4 23. Rc1 Nf8 24. Nd2 Qc7 25. Nc4 Rbd8 26. Ne4 exf4 27. exf4 Re7 28. h3
Be6 29. Kh2 Bd5 30. Ned6 Bxg2 31. Qxg2 Bb8 32. Nxf7 Rxf7 33. Re2 Re7 34. Rce1
Rxe2 35. Qxe2 Qd7 36. Bc3 Kf7 37. Qh5+ Kg8 38. Qe2 Qd5 39. Nb6 Qf7 40. Nc4 h5
41. h4 Ng6 42. Nb6 Qb3 43. Qc4+ Qxc4 44. Nxc4 Kf7 45. Re2 Rd3 46. Re3 Rxe3 47.
Nxe3 Nxf4 48. Nf5 Nd5 49. Bd2 g6 50. Nd4 Bc7 51. Nb3 Ne7 52. Bc3 Be5 53. Be1 Nf5
54. Na5 Nxh4 55. Kh3 Nf3 56. Bf2 Bc7 57. Nxb7 Ng5+ 58. Kg2 Ne4 59. Be1 Ke6 60.
Kf3 f5 61. a4 Kd7 62. Nd6 Nxd6 63. cxd6 Bxd6 64. Ke3 Be5 65. Kd3 Kd6 66. Kc4 g5
67. Bf2 g4 68. Bc5+ Kd7 69. Bf2 f4 70. gxf4 Bxf4 71. b5 cxb5+ 72. axb5 axb5+ 73.
Kxb5 g3 74. Be1 h4 75. Kc4 h3 0-1

[Event "67th Moscow Blitz 2013"]
[Site "Moscow RUS"]
[Date "2013.09.01"]
[Round "8"]
[White "Kovalenko, Igor"]
[Black "Mozharov, Mikhail"]
[Result "1-0"]
[WhiteTitle "GM"]
[BlackTitle "IM"]
[WhiteElo "2644"]
[BlackElo "2508"]
[WhiteFideId "14117908"]
[BlackFideId "4189825"]
[EventDate "2013.09.01"]

1. d4 e6 2. c4 b6 3. Nc3 Bb4 4. Qb3 Bxc3+ 5. Qxc3 Bb7 6. Nf3 Nf6 7. Bg5 h6 8.
Bh4 d6 9. Nd2 Nbd7 10. f3 e5 11. Bf2 Qe7 12. e4 c5 13. d5 Nh7 14. Bd3 O-O 15. g3
a6 16. a4 f6 17. h4 Rf7 18. Nf1 Ndf8 19. Ne3 Bc8 20. a5 bxa5 21. Rxa5 Rb8 22.
Ra2 h5 23. Nf5 Qd8 24. b3 Kh8 25. g4 Ng6 26. Be3 Ne7 27. Rg2 hxg4 28. fxg4 g6
29. Nh6 Rg7 30. O-O Bd7 31. Bc2 Ng8 32. Nxg8 Qxg8 33. Rg3 Bc8 34. Bh6 Rf7 35.
Qa5 Qe8 36. Kh2 Qd7 37. g5 Bb7 38. Bd1 fxg5 39. Rxf7 Qxf7 40. Rf3 Qe7 41. hxg5
Nxg5 42. Bxg5 Qxg5 43. Qc7 Qd2+ 44. Kg3 Qe1+ 45. Kg2 Qd2+ 46. Rf2 Qg5+ 47. Kf1
Rg8 48. Rh2+ 1-0

[Event "67th Moscow Blitz 2013"]
[Site "Moscow RUS"]
[Date "2013.09.01"]
[Round "8"]
[White "Savchenko, Boris"]
[Black "Popov, Ivan RUS"]
[Result "1/2-1/2"]
[WhiteTitle "GM"]
[BlackTitle "GM"]
[WhiteElo "2602"]
[BlackElo "2656"]
[WhiteFideId "4147332"]
[BlackFideId "4170350"]
[EventDate "2013.09.01"]

1. e4 c6 2. d4 d5 3. Nc3 dxe4 4. Nxe4 Bf5 5. Ng3 Bg6 6. N3e2 Nf6 7. Nf4 e5 8.
Nxg6 hxg6 9. Nf3 exd4 10. Nxd4 Bc5 11. Qe2+ Qe7 12. Qxe7+ Kxe7 13. Nb3 Bd6 14.
g3 Re8 15. Bg2 Kd7+ 16. Kf1 Kc7 17. h3 a5 18. Bd2 a4 19. Nc1 Ne4 20. Be1 Nd7 21.
Nd3 Ndc5 22. Rd1 Rad8 23. h4 Nxd3 24. Rxd3 Nf6 25. Ba5+ b6 26. Bc3 Bc5 27. Bf3
Rxd3 28. cxd3 Rd8 29. Ke2 Bd4 30. Bxd4 Rxd4 31. Rc1 c5 32. Rc4 Rxc4 33. dxc4 Kd6
34. Ke3 Nd7 35. Bd5 f6 36. f4 g5 37. h5 b5 38. Bf7 b4 39. Ke4 gxf4 40. gxf4 Ke7
41. Bg8 Nb6 42. a3 bxa3 43. bxa3 Kf8 44. Be6 Ke7 45. Kf5 Na8 46. Kg6 Kxe6 47.
Kxg7 Nc7 48. h6 Ne8+ 49. Kg6 Nd6 50. h7 Nf7 51. f5+ Ke7 52. Kg7 Nh8 53. Kg8 Ke8 1/2-1/2

[Event "67th Moscow Blitz 2013"]
[Site "Moscow RUS"]
[Date "2013.09.01"]
[Round "9"]
[White "Mozharov, Mikhail"]
[Black "Savchenko, Boris"]
[Result "0-1"]
[WhiteTitle "IM"]
[BlackTitle "GM"]
[WhiteElo "2508"]
[BlackElo "2602"]
[WhiteFideId "4189825"]
[BlackFideId "4147332"]
[EventDate "2013.09.01"]

1. d4 Nf6 2. c4 e6 3. Nc3 d5 4. Bg5 Nbd7 5. e3 c6 6. Nf3 Qa5 7. Qc2 Bb4 8. Nd2
c5 9. Bxf6 Nxf6 10. Nb3 Qa4 11. cxd5 cxd4 12. exd4 Nxd5 13. Bd3 Bd7 14. O-O Bxc3
15. bxc3 Rc8 16. Qe2 0-1

[Event "67th Moscow Blitz 2013"]
[Site "Moscow RUS"]
[Date "2013.09.01"]
[Round "9"]
[White "Gunina, Valentina"]
[Black "Reshetnikov, Alexey"]
[Result "0-1"]
[WhiteTitle "GM"]
[BlackTitle "IM"]
[WhiteElo "2506"]
[BlackElo "2497"]
[WhiteFideId "4167570"]
[BlackFideId "4162080"]
[EventDate "2013.09.01"]

1. d4 d5 2. c4 c6 3. Nf3 Nf6 4. e3 a6 5. Nc3 e6 6. Be2 Nbd7 7. O-O dxc4 8. Bxc4
b5 9. Be2 c5 10. dxc5 Bxc5 11. Qc2 Bb7 12. a3 Rc8 13. b4 Bd6 14. Bb2 Qc7 15. h3
Ne5 16. Nd4 O-O 17. Rac1 Qb6 18. Rfd1 Nc4 19. Qb3 Bb8 20. Bf3 Qc7 21. Bxb7 Qxb7
22. Ba1 Ba7 23. Nf3 Rfd8 24. Rxd8+ Rxd8 25. Rd1 Rxd1+ 26. Qxd1 Qd7 27. Qc1 h6
28. Ne2 Qd3 29. Nc3 Nxe3 30. Ne5 Qc2 31. Qxc2 Nxc2 32. Bb2 Bd4 33. Nc6 Bxc3 34.
Bxc3 Nxa3 35. Nb8 Nd5 36. Bd2 Nc4 37. Be1 Nc7 38. Bc3 f6 39. Kf1 Kf7 40. Ke2 Ke7
41. Nc6+ Kd6 42. Nd4 Nd5 43. Be1 Kd7 44. g3 Nd6 45. Nb3 Nb7 46. Kd3 Kc6 47. Nd4+
Kd6 48. f4 Nb6 49. f5 Nd8 50. fxe6 Nxe6 51. Nf5+ Ke5 52. Ne3 Nd5 53. Nc2 f5 54.
Bf2 g5 55. Ba7 f4 56. Bb8+ Kf6 57. Ke4 Nc3+ 58. Kd3 Nd5 59. Ke4 Nb6 60. gxf4
Nxf4 61. h4 Ne6 62. hxg5+ hxg5 63. Ne3 Nc4 64. Nd5+ Kf7 65. Kf5 Nd2 66. Be5 Nf3
67. Bc3 Nfd4+ 68. Ke4 Nc6 69. Ne3 Ke7 70. Nf5+ Kd7 71. Bd2 g4 72. Be1 Ng5+ 73.
Kf4 Nf3 74. Bc3 Nh2 75. Kg3 Nf3 76. Kxg4 Nfe5+ 77. Kf4 Nd3+ 78. Ke4 Ndxb4 79.
Ne3 Kc7 80. Kf3 Kd6 81. Ke2 Kc5 82. Kd2 Nd5 83. Bg7 Nxe3 84. Kxe3 Kc4 85. Kd2
Kb3 86. Kc1 Ka2 87. Kc2 b4 0-1

[Event "67th Moscow Blitz 2013"]
[Site "Moscow RUS"]
[Date "2013.09.01"]
[Round "9"]
[White "Najer, Evgeniy"]
[Black "Belous, Vladimir"]
[Result "0-1"]
[WhiteTitle "GM"]
[BlackTitle "GM"]
[WhiteElo "2626"]
[BlackElo "2554"]
[WhiteFideId "4118987"]
[BlackFideId "4174003"]
[EventDate "2013.09.01"]

1. e4 c5 2. Nf3 Nc6 3. Bb5 d6 4. c3 Nf6 5. Qe2 Bd7 6. d4 cxd4 7. cxd4 e6 8. Nc3
a6 9. Bxc6 bxc6 10. O-O Be7 11. e5 Nd5 12. Ne4 dxe5 13. dxe5 O-O 14. Bg5 Bxg5
15. Nfxg5 h6 16. Nf3 c5 17. Rfc1 Bb5 18. Qd2 Qb6 19. Rxc5 Rad8 20. Rac1 Ne7 21.
Qb4 Nd5 22. Qd2 Ne7 23. Qf4 Nf5 24. g4 Ne7 25. Nf6+ Kh8 26. Ne4 Rd3 27. Nd6 Bc6
28. Ne1 Rd5 29. Rxd5 Bxd5 30. b3 Ng6 31. Qg3 Qd4 32. Nd3 Kg8 33. h4 Ne7 34. h5
Nc6 35. Re1 Qc3 36. Rc1 Qd4 37. Kh2 Rd8 38. Re1 Qc3 39. Rc1 Qd4 40. f4 Nb4 41.
Nf2 Qd2 42. Rc7 Nd3 43. Ne4 Qa5 44. Nxd3 Qxc7 45. Ndc5 Qc6 46. Qe3 a5 47. Nd6
Bh1 48. Qf2 Bd5 49. Kg3 Rb8 50. g5 0-1

[Event "67th Moscow Blitz 2013"]
[Site "Moscow RUS"]
[Date "2013.09.01"]
[Round "9"]
[White "Eliseev, Urii"]
[Black "Karjakin, Sergey"]
[Result "0-1"]
[WhiteTitle "IM"]
[BlackTitle "GM"]
[WhiteElo "2550"]
[BlackElo "2772"]
[WhiteFideId "24131920"]
[BlackFideId "14109603"]
[EventDate "2013.09.01"]

1. e4 e5 2. Nf3 Nc6 3. Bc4 Nf6 4. d3 Be7 5. O-O O-O 6. Re1 d6 7. a4 Na5 8. Ba2
c5 9. Nbd2 Nc6 10. Nf1 Be6 11. c3 Bxa2 12. Rxa2 d5 13. Bg5 d4 14. Ng3 Nd7 15. h4
Re8 16. Nf5 f6 17. Bd2 Kh8 18. h5 Bf8 19. N3h4 c4 20. dxc4 Nc5 21. cxd4 Nxd4 22.
Be3 Nd3 23. Rf1 Nb4 24. Ra3 Ndc2 25. Rb3 Qxd1 26. Rxd1 Red8 27. Rd2 a5 28. Kf1
Nxe3+ 0-1

[Event "67th Moscow Blitz 2013"]
[Site "Moscow RUS"]
[Date "2013.09.01"]
[Round "10"]
[White "Glek, Igor"]
[Black "Riazantsev, Alexander"]
[Result "1-0"]
[WhiteTitle "GM"]
[BlackTitle "GM"]
[WhiteElo "2460"]
[BlackElo "2700"]
[WhiteFideId "4100484"]
[BlackFideId "4125029"]
[EventDate "2013.09.01"]

1. e4 c6 2. c4 d5 3. cxd5 cxd5 4. exd5 Nf6 5. Nc3 Nxd5 6. Nf3 Nxc3 7. bxc3 g6 8.
d4 Bg7 9. Bd3 O-O 10. O-O Nc6 11. Re1 Re8 12. Be4 Bg4 13. h3 Bxf3 14. Qxf3 Rc8
15. Bg5 Qd7 16. Rad1 Na5 17. h4 h5 18. Re2 b6 19. Rde1 Nc4 20. Bb7 Rc7 21. Rxe7
Rxe7 22. Rxe7 Qxe7 23. Bxe7 Rxe7 24. Qd5 Re1+ 25. Kh2 Nd2 26. Ba6 Bf6 27. Qa8+
Kg7 28. Qxa7 Bxh4 29. g3 Bf6 30. Qxb6 Rb1 31. Qc6 h4 32. gxh4 Bxh4 33. Kg2 Rb2
34. a4 Nb1 35. Qe4 Bxf2 36. Qe5+ Kh7 37. Be2 Nxc3 38. Kxf2 Nxa4 39. d5 Rd2 40.
Ke3 Ra2 41. d6 Nb6 42. Qd4 Ra3+ 43. Kf2 Nd7 44. Bb5 Nf8 45. d7 Nxd7 46. Qxd7
Ra2+ 47. Ke3 Ra3+ 48. Ke2 Ra2+ 49. Ke1 Ra1+ 50. Kd2 Ra2+ 51. Ke3 Ra3+ 52. Ke4
Kg7 53. Bc4 Kh6 54. Qxf7 Ra4 55. Qf4+ Kg7 56. Qc7+ Kh6 57. Kf4 Rb4 58. Kg4 Ra4
59. Qf4+ Kg7 60. Qf7+ Kh6 61. Kf3 Ra3+ 62. Ke4 Ra8 63. Bd5 Ra4+ 64. Ke5 Kg5 65.
Qf6+ Kh6 66. Qf8+ Kg5 67. Qd8+ Kh6 68. Be4 Ra6 69. Kf4 Kg7 70. Kg5 Kh7 71. Qc7+ 1-0

[Event "67th Moscow Blitz 2013"]
[Site "Moscow RUS"]
[Date "2013.09.01"]
[Round "10"]
[White "Karjakin, Sergey"]
[Black "Demidov, Mikhail"]
[Result "1-0"]
[WhiteTitle "GM"]
[BlackTitle "IM"]
[WhiteElo "2772"]
[BlackElo "2503"]
[WhiteFideId "14109603"]
[BlackFideId "4197143"]
[EventDate "2013.09.01"]

1. e4 e6 2. d4 d5 3. Nc3 Be7 4. Bd3 c5 5. dxc5 Nf6 6. exd5 exd5 7. Nf3 Nbd7 8.
O-O O-O 9. Nd4 Nxc5 10. Bf5 Nce4 11. Nce2 Bc5 12. Be3 Bb6 13. Bxc8 Rxc8 14. f3
Nd6 15. Bf2 Re8 16. b3 Qd7 17. Qd3 a6 18. Rad1 Nb5 19. Nxb5 Bxf2+ 20. Rxf2 axb5
21. a3 h6 22. Nd4 Re5 23. Qxb5 Qe7 24. Qb4 Qd7 25. a4 Rce8 26. Qd2 Qc7 27. Re2
Rxe2 28. Nxe2 Qe5 29. Nd4 Qe7 30. Kf2 Qc7 31. g3 Qc5 32. Re1 Rc8 33. Kg2 Qc7 34.
Re3 h5 35. h4 Qd7 36. Qe2 Kf8 37. a5 Qc7 38. b4 Qd6 39. c3 Kg8 40. Nf5 1-0

[Event "67th Moscow Blitz 2013"]
[Site "Moscow RUS"]
[Date "2013.09.01"]
[Round "10"]
[White "Belous, Vladimir"]
[Black "Eliseev, Urii"]
[Result "1-0"]
[WhiteTitle "GM"]
[BlackTitle "IM"]
[WhiteElo "2554"]
[BlackElo "2550"]
[WhiteFideId "4174003"]
[BlackFideId "24131920"]
[EventDate "2013.09.01"]

1. c4 e5 2. g3 Nf6 3. Bg2 d5 4. cxd5 Nxd5 5. Nf3 Nc6 6. O-O Nb6 7. Nc3 Be7 8. d3
O-O 9. b3 Be6 10. Bb2 Qd7 11. Rc1 f5 12. Qd2 Rad8 13. Rfd1 Kh8 14. e3 Bf6 15.
Qe2 Qe7 16. Nb5 a6 17. Ba3 Qf7 18. Bxf8 Rxf8 19. Nc3 Qh5 20. d4 e4 21. d5 exf3
22. Bxf3 Qe8 23. dxc6 bxc6 24. Qxa6 h5 25. Na4 Bd5 26. Bxd5 cxd5 27. Nxb6 cxb6
28. Rxd5 h4 29. Rxf5 h3 30. Qb7 Qg6 31. Qf3 Re8 32. Qh5+ 1-0

[Event "67th Moscow Blitz 2013"]
[Site "Moscow RUS"]
[Date "2013.09.01"]
[Round "10"]
[White "Reshetnikov, Alexey"]
[Black "Najer, Evgeniy"]
[Result "0-1"]
[WhiteTitle "IM"]
[BlackTitle "GM"]
[WhiteElo "2497"]
[BlackElo "2626"]
[WhiteFideId "4162080"]
[BlackFideId "4118987"]
[EventDate "2013.09.01"]

1. c4 e5 2. Nc3 Nf6 3. g3 Nc6 4. Bg2 Bc5 5. e3 d6 6. Nge2 a6 7. b3 Ba7 8. Bb2
O-O 9. O-O Re8 10. d4 exd4 11. exd4 Bf5 12. h3 h6 13. a3 Qd7 14. Kh2 Re7 15. b4
Rae8 16. b5 Na5 17. Qa4 Rxe2 18. Nxe2 Rxe2 19. Bc3 b6 20. Bxa5 bxa5 21. Qxa5
Bxd4 22. bxa6 Bxf2 23. Rxf2 Rxf2 24. a7 Be4 25. Rg1 Qc6 26. Qb4 Bxg2 27. Qb8+
Kh7 0-1

[Event "67th Moscow Blitz 2013"]
[Site "Moscow RUS"]
[Date "2013.09.01"]
[Round "10"]
[White "Kovalenko, Igor"]
[Black "Korotylev, Alexey"]
[Result "0-1"]
[WhiteTitle "GM"]
[BlackTitle "GM"]
[WhiteElo "2644"]
[BlackElo "2573"]
[WhiteFideId "14117908"]
[BlackFideId "4119142"]
[EventDate "2013.09.01"]

1. d4 Nf6 2. Nf3 e6 3. c4 b6 4. e3 Bb7 5. Bd3 d5 6. O-O Bd6 7. cxd5 exd5 8. b3
O-O 9. Ba3 Re8 10. Bxd6 Qxd6 11. Nc3 a6 12. Rc1 Nbd7 13. Qe2 c5 14. Rfd1 g6 15.
Qb2 Rac8 16. dxc5 bxc5 17. Be2 Qe7 18. h3 d4 19. exd4 cxd4 20. Nxd4 Ne5 21. Bf1
a5 22. Ndb5 Rcd8 23. Rxd8 Rxd8 24. Rd1 Rxd1 25. Nxd1 Ne4 26. Nbc3 Ng5 27. Qe2
Nxh3+ 28. Kh2 Nf4 29. Qd2 Qh4+ 30. Kg1 Nh3+ 31. Kh2 Ng4+ 32. Kh1 Nhxf2+ 33. Kg1
Qh1# 0-1

[Event "67th Moscow Blitz 2013"]
[Site "Moscow RUS"]
[Date "2013.09.01"]
[Round "10"]
[White "Ulko, Jaroslav"]
[Black "Popov, Ivan RUS"]
[Result "0-1"]
[WhiteTitle "IM"]
[BlackTitle "GM"]
[WhiteElo "2443"]
[BlackElo "2656"]
[WhiteFideId "4116658"]
[BlackFideId "4170350"]
[EventDate "2013.09.01"]

1. e4 c6 2. d4 d5 3. Nc3 dxe4 4. Nxe4 Bf5 5. Ng3 Bg6 6. h4 h6 7. Nf3 Nd7 8. h5
Bh7 9. Bd3 Bxd3 10. Qxd3 e6 11. Bd2 Ngf6 12. O-O-O Be7 13. Ne4 O-O 14. Kb1 c5
15. dxc5 Qc7 16. Bc3 Nd5 17. Bd4 Nxc5 18. Nxc5 Bxc5 19. Qc4 Rac8 20. Bxc5 Qxc5
21. Qxc5 Rxc5 22. Ne5 Rfc8 23. Rd2 Nc3+ 24. bxc3 Rxe5 25. Rhd1 Rxc3 26. g4 Rb5+
27. Kc1 Rc4 28. Rd8+ Kh7 29. Rf8 Rxg4 30. Rxf7 Rxh5 31. Rxb7 a5 32. Rd6 Re5 33.
Rf7 h5 34. Kd2 h4 35. Rf3 Rd5+ 36. Rxd5 exd5 37. Ra3 Kg6 38. Ke2 a4 39. Kf3 Rc4
40. Kg2 Kf5 41. Rf3+ Ke5 42. c3 g5 43. Re3+ Re4 44. Rd3 g4 45. Rd2 Rf4 46. Rb2
Rf3 47. Rb4 h3+ 48. Kg1 Rf4 49. Rb8 Ke4 50. Rb5 Kd3 51. Rxd5+ Kxc3 52. Re5 Rd4
53. Re3+ Rd3 54. Re4 a3 55. Rxg4 Kb2 56. f4 Kxa2 57. f5 Rf3 58. Rb4 Rxf5 59. Kh2
Rf3 0-1